000 00879nam a2200229 i 4500
001 42492
003 ES-MaACL
005 20250827062559.0
007 t|
008 030401q1870 sp ||||1| spa d
110 1 _aEspaña
_93622
240 1 0 _aTratados, etc., Portugal, 1870
245 1 0 _aConvenio entre España y Portugal, fijando los derechos civiles de los ciudadanos respectivos, y las atribuciones de los agentes consulares destinados a protegerlos, firmado en Lisboa el 21 de febrero de 1870.
260 _a[Madrid :
_bs.n.,
_cca. 1870]
300 _a20 p. ;
_c27 cm.
500 _aEjempl. sin portada; datos tomados de p. 1.
546 _aTexto en español y portugués.
650 0 0 _aDerechos políticos y civiles-
_zEspaña.
_911781
650 _aDerechos políticos y civiles-
_zPortugal.
_9153851
852 _aES-MaACL
_jT-500-F-14
999 _c42492
_d42492